Technoscientific imaginaries : conservations, profiles and memoirs

Αποθηκεύτηκε σε:
Λεπτομέρειες βιβλιογραφικής εγγραφής
Άλλοι συγγραφείς: Marcus, George E. (Επιμελητής έκδοσης)
Μορφή: Βιβλίο
Γλώσσα:English
Δημοσίευση: Chicago and London : University of Chicago Press, c1995
Σειρά:Late editions ; ; 2
Θέματα:
Ετικέτες: Προσθήκη ετικέτας
Δεν υπάρχουν, Καταχωρήστε ετικέτα πρώτοι!

MARC

LEADER 00000nam a2200000 i 4500
001 1/11523
008 980428s1995 eng d
020 |a 0-226-50444-1 
035 |l 10018284 
040 |a GR-MY-UA  |b gre  |e aacr 
041 0 |a eng 
082 0 |a 306.4509045 
245 1 0 |a Technoscientific imaginaries :  |b conservations, profiles and memoirs /  |c George E. Marcus, editor 
260 |a Chicago and London :   |b University of Chicago Press,   |c c1995 
300 |a 560 p. 
490 1 |a Late editions  |v ; 2 
504 |a Includes bibliographical references and index 
650 0 0 |a Scientists  |x Interviews. 
650 0 0 |a Engineers  |x Interviews. 
650 0 0 |a Science  |x Social aspects  |x Miscellanea. 
700 1 |a Marcus, George E.  |4 edt 
830 0 |a Late editions ;  |v ; 2 
852 |a INST  |b LESVOS  |e 19980428  |h 306.4509045 TEC  |p 005100014472  |q 005100014472  |t BK  |y 0 
852 |a INST  |b LESVOS  |e 19980428  |h 306.4509045 TEC  |p 005100014473  |q 005100014473  |t BK  |y 0 
852 |a INST  |b LESVOS  |e 19990914  |h 306.4509045 TEC  |p 005100015818  |q 005100015818  |t BK  |y 0 
901 |a BIBL-1998-2 
909 |a Λ  |b 055104 
909 |a Λ  |b 055105 
909 |a Λ  |b 067098 
920 |a ΤΜΗΜΑ ΚΟΙΝΩΝΙΚΗΣ ΑΝΘΡΩΠΟΛΟΓΙΑΣ  |y ΛΕΣΒΟΣ  |z 1999-08 
922 |a 1ΕΛΗ  |b 199803  |c ΚΠΣ/ΠΑΠΑΓΑΡΟΥΦΑΛΗ  |d ΠΑΠΑΣΩΤΗΡΙΟΥ 
950 |a 146/1996-02-06 
970 |z 1999/09/14  |a ΚΑΜΑΤΣΟΥ  |b ΔΕΣΠΟΙΝΑ